MARC

LEADER 00000nam0a2200000 4500
001 266682
005 20231101234025.0
035 |a (RuTPU)RU\TPU\book\289702 
090 |a 266682 
100 |a 20140714d1986 k y0rusy50 ca 
101 0 |a rus 
102 |a RU 
105 |a a z 001zy 
200 1 |a Общие закономерности возникновения и развития озер. Методы изучения истории озер  |f Академия наук СССР (АН СССР), Институт озероведения (ИНОЗ) ; под ред. Д. Д. Квасова ; Н. Н. Давыдовой ; В. А. Румянцева 
210 |a Ленинград  |c Наука  |d 1986 
215 |a 254 с.  |c ил. 
225 1 |a История озер СССР 
320 |a Библиогр.: с. 224-247. 
606 1 |a Озера  |2 stltpush  |3 (RuTPU)RU\TPU\subj\46817  |9 65911 
610 1 |a возникновение 
610 1 |a развитие 
610 1 |a история 
610 1 |a изучение 
610 1 |a исследование 
610 1 |a полезные ископаемые 
610 1 |a гидрометеорологические наблюдения 
675 |a 556.55  |v 3 
702 1 |a Квасов  |b Д. Д.  |4 340 
702 1 |a Давыдова  |b Н. Н.  |4 340 
702 1 |a Румянцев  |b В. А.  |4 340 
712 0 2 |a Академия наук СССР (АН СССР)  |b Институт озероведения (ИНОЗ)  |c (Ленинград)  |2 stltpush  |3 (RuTPU)RU\TPU\col\11552 
801 1 |a RU  |b 63413507  |c 20140714 
801 2 |a RU  |b 63413507  |c 20151016  |g RCR 
942 |c BK